[Event "Paul Keres mem (36th)"]
[Site "Richmond CAN"]
[Date "2011.05.23"]
[Round "7.10"]
[White "Kostin, Andrey"]
[Black "Lai, Peter"]
[Result "1/2-1/2"]
[WhiteElo "2084"]
[BlackElo "1961"]
[PlyCount "55"]
[GameId "2160767909704376"]
[EventDate "2011.05.20"]
[EventType "swiss"]
[EventRounds "7"]
[EventCountry "CAN"]

1. e4 e6 2. d4 d5 3. Nc3 Nf6 4. Bg5 Bb4 5. e5 h6 6. Bxf6 gxf6 7. f4 f5 8. Qd3 Nc6 9. a3 Bxc3+ 10. Qxc3 Bd7 11. Nf3 Qe7 12. O-O-O O-O-O 13. Kb1 Kb8 14. Nd2 Bc8 15. Bb5 Qe8 16. Bxc6 Qxc6 17. Qxc6 bxc6 18. Nb3 a6 19. Rd3 Ka7 20. Na5 Kb6 21. b4 Rdg8 22. g3 Bd7 23. Rc3 h5 24. Kb2 Rg4 25. Nb3 h4 26. Re1 hxg3 27. hxg3 Rh3 28. Ree3 1/2-1/2

[Event "Paul Keres mem (36th) U1600"]
[Site "Richmond CAN"]
[Date "2011.05.22"]
[Round "4"]
[White "Parker, Brian"]
[Black "Cosenza, Aaron"]
[Result "0-1"]
[WhiteElo "920"]
[BlackElo "1388"]
[PlyCount "64"]
[GameId "2160767909704377"]
[EventDate "2011.05.20"]
[EventType "swiss"]
[EventRounds "7"]
[EventCountry "CAN"]

1. e4 e5 2. Nf3 Nc6 3. d4 d6 4. h3 Nf6 5. Nc3 Be7 6. dxe5 dxe5 7. Qxd8+ Bxd8 8. Bc4 O-O 9. O-O h6 10. Nd5 Re8 11. Re1 Na5 12. Bd3 b6 13. b4 Nb7 14. Be3 Nd6 15. Nxf6+ Bxf6 16. a4 Bb7 17. Nd2 a5 18. b5 Rab8 19. c4 Ba8 20. Rab1 Red8 21. Rb3 Be7 22. Rd1 Nc8 23. Rc1 Bb4 24. Nf3 f6 25. Be2 Bxe4 26. c5 Kf8 27. Rc4 Bf5 28. Nh4 Be6 29. Rcxb4 axb4 30. Rxb4 Rd7 31. Ng6+ Kg8 32. Rb3 Bxb3 0-1

[Event "Pere Noel"]
[Site "Montreal CAN"]
[Date "2011.12.26"]
[Round "1"]
[White "Barre, Michel"]
[Black "Prahov, Valentin"]
[Result "0-1"]
[WhiteElo "1831"]
[BlackElo "2131"]
[PlyCount "116"]
[GameId "2160767909573214"]
[EventDate "2011.12.26"]
[EventType "swiss"]
[EventRounds "5"]
[EventCountry "CAN"]
[SourceTitle "EXT 2022"]
[Source "ChessBase"]
[SourceDate "2021.10.06"]
[SourceVersion "1"]
[SourceVersionDate "2021.10.06"]
[SourceQuality "1"]

1. d4 Nf6 2. Bg5 g6 3. Bxf6 exf6 4. e4 Bg7 5. Nf3 O-O 6. Bc4 Re8 7. Nc3 d6 8. O-O Bg4 9. h3 Bxf3 10. Qxf3 Nc6 11. Rad1 Qd7 12. Rfe1 a6 13. Bb3 f5 14. d5 Nd4 15. Qd3 Re7 16. exf5 Nxf5 17. Re4 Rae8 18. Rde1 h5 19. Nd1 Nd4 20. c3 Nxb3 21. axb3 Kf8 22. Rxe7 Rxe7 23. Rxe7 Qxe7 24. Ne3 Bh6 25. b4 Qe5 26. g3 Bxe3 27. Qxe3 Qxd5 28. Qa7 Ke7 29. h4 Kd7 30. Qa8 Qe4 31. Qf8 Qe6 32. Kg2 Kc6 33. Kf1 Kb6 34. Qg7 Kb5 35. Kg1 Qd5 36. Qf6 a5 37. bxa5 Kxa5 38. Qe7 Kb6 39. Qe3+ c5 40. Qe7 Qe6 41. Qd8+ Kc6 42. Qa8 Qe7 43. Kf1 d5 44. Qa4+ Kc7 45. Qa5+ Kb8 46. Qb6 Qc7 47. Qb5 b6 48. b4 cxb4 49. Qe8+ Qc8 50. Qe5+ Ka7 51. cxb4 Qd7 52. Qd4 Ka6 53. Ke1 Qe6+ 54. Kd2 Qe4 55. Qc3 Kb5 56. Qf6 Qxb4+ 57. Kc2 Qc4+ 58. Kd2 d4 0-1

[Event "Pere Noel"]
[Site "Montreal CAN"]
[Date "2011.12.26"]
[Round "1"]
[White "Bergeron, Rene"]
[Black "Malveau, Cedric"]
[Result "1-0"]
[WhiteElo "1665"]
[BlackElo "2015"]
[PlyCount "51"]
[GameId "2160767909573215"]
[EventDate "2011.12.26"]
[EventType "swiss"]
[EventRounds "5"]
[EventCountry "CAN"]
[SourceTitle "EXT 2022"]
[Source "ChessBase"]
[SourceDate "2021.10.06"]
[SourceVersion "1"]
[SourceVersionDate "2021.10.06"]
[SourceQuality "1"]

1. c4 Nf6 2. Nc3 e6 3. g3 c6 4. d4 d5 5. cxd5 exd5 6. Bg2 Be7 7. Nf3 O-O 8. O-O Nbd7 9. Re1 Re8 10. Nd2 Qb6 11. Nb3 Nf8 12. e4 dxe4 13. Nxe4 Be6 14. Nec5 Rad8 15. Be3 Bd5 16. Qc2 Bxg2 17. Kxg2 Nd5 18. Bd2 Bf6 19. Ba5 Qb5 20. a4 Nb4 21. Qc3 Nd5 22. axb5 Nxc3 23. Bxd8 Rxd8 24. bxc3 cxb5 25. Nxb7 Rc8 26. N3c5 1-0

[Event "Pere Noel"]
[Site "Montreal CAN"]
[Date "2011.12.26"]
[Round "1"]
[White "Forget, Luc"]
[Black "Lemieux, Serge"]
[Result "1-0"]
[WhiteElo "1991"]
[BlackElo "1507"]
[PlyCount "95"]
[GameId "2160767909573218"]
[EventDate "2011.12.26"]
[EventType "swiss"]
[EventRounds "5"]
[EventCountry "CAN"]
[SourceTitle "EXT 2022"]
[Source "ChessBase"]
[SourceDate "2021.10.06"]
[SourceVersion "1"]
[SourceVersionDate "2021.10.06"]
[SourceQuality "1"]

1. d4 d5 2. c4 c6 3. Nf3 Nf6 4. Nc3 e6 5. Bg5 Be7 6. e3 Nbd7 7. Bd3 dxc4 8. Bxc4 h6 9. Bh4 b5 10. Bd3 Nb6 11. O-O O-O 12. Rc1 Bb7 13. Bxf6 Bxf6 14. Ne4 Be7 15. Ne5 Rc8 16. Nc5 Ba8 17. Qg4 Bxc5 18. Rxc5 Nd5 19. Rfc1 f5 20. Qg6 Rf6 21. Qh5 Ne7 22. b4 a6 23. R1c2 Qd6 24. Qd1 Rc7 25. Qc1 Rf8 26. Be2 Rfc8 27. Bf3 g5 28. h3 Nd5 29. Qb1 Bb7 30. Qb3 Kg7 31. a3 Qe7 32. e4 Nb6 33. exf5 Na4 34. fxe6 Nxc5 35. dxc5 Re8 36. Nd7 Qxe6 37. Qc3+ Kg6 38. Qd3+ Kg7 39. Qd4+ Kg6 40. Bg4 Qe1+ 41. Kh2 Rxd7 42. Bxd7 Qe5+ 43. Qxe5 Rxe5 44. Rd2 Kf7 45. Rd6 Re7 46. Bxc6 Bxc6 47. Rxc6 a5 48. Rb6 1-0

[Event "Pere Noel"]
[Site "Montreal CAN"]
[Date "2011.12.26"]
[Round "1"]
[White "Jiang, Louie"]
[Black "Ramaswamy, Kiran"]
[Result "1-0"]
[WhiteElo "2360"]
[BlackElo "1947"]
[PlyCount "55"]
[GameId "2160767909573220"]
[EventDate "2011.12.26"]
[EventType "swiss"]
[EventRounds "5"]
[EventCountry "CAN"]
[SourceTitle "EXT 2022"]
[Source "ChessBase"]
[SourceDate "2021.10.06"]
[SourceVersion "1"]
[SourceVersionDate "2021.10.06"]
[SourceQuality "1"]

1. e4 c5 2. Nc3 Nc6 3. f4 d6 4. Bb5 Bd7 5. Nf3 Nf6 6. O-O e6 7. d3 Nd4 8. Bxd7+ Qxd7 9. Be3 e5 10. h3 Be7 11. fxe5 Nxf3+ 12. Qxf3 dxe5 13. Nd5 b6 14. Bg5 Nxd5 15. Qxf7+ Kd8 16. Qxg7 Re8 17. exd5 Qxd5 18. Rae1 Bxg5 19. Qxg5+ Kd7 20. Qg4+ Kd6 21. Re4 Qxa2 22. c4 Rf8 23. Rxf8 Rxf8 24. Qh5 Qb1+ 25. Kh2 Qxb2 26. Qh6+ Ke7 27. Qg7+ Rf7 28. Rxe5+ 1-0

[Event "Pere Noel"]
[Site "Montreal CAN"]
[Date "2011.12.26"]
[Round "1"]
[White "Lopez Linares, Lizandro"]
[Black "Nikulich, Oleksandr"]
[Result "0-1"]
[WhiteElo "2084"]
[BlackElo "1812"]
[PlyCount "106"]
[GameId "2160767909573222"]
[EventDate "2011.12.26"]
[EventType "swiss"]
[EventRounds "5"]
[EventCountry "CAN"]
[SourceTitle "EXT 2022"]
[Source "ChessBase"]
[SourceDate "2021.10.06"]
[SourceVersion "1"]
[SourceVersionDate "2021.10.06"]
[SourceQuality "1"]

1. d4 Nf6 2. c4 e6 3. Nf3 b6 4. g3 Bb7 5. Bg2 c5 6. d5 exd5 7. Nh4 Qc7 8. cxd5 g6 9. Nc3 d6 10. O-O a6 11. a4 Bg7 12. e4 Nbd7 13. f4 O-O 14. Be3 Rfe8 15. Bf2 c4 16. Qd2 Nc5 17. Bxc5 Qxc5+ 18. Qf2 Nd7 19. Qxc5 Nxc5 20. e5 dxe5 21. f5 g5 22. Nf3 h6 23. Nd2 Nb3 24. Nxb3 cxb3 25. Ra3 e4 26. f6 Bf8 27. Rxb3 Bc5+ 28. Kh1 e3 29. Ne2 Rad8 30. Rf5 Rd6 31. h4 gxh4 32. gxh4 a5 33. Bf3 Ba6 34. Rc3 Bc8 35. Rf4 Re5 36. Rc1 Rf5 37. Kg2 Rfxf6 38. h5 Ba6 39. Rxf6 Rxf6 40. Nc3 e2 41. Ne4 Rf4 42. Nxc5 bxc5 43. Kf2 Rd4 44. Ke3 Rd3+ 45. Kf2 Rd2 46. b3 Kg7 47. Rc3 Rd1 48. Bxe2 Rd2 49. Re3 Kf6 50. d6 Rxe2+ 51. Rxe2 Bxe2 52. d7 Ke7 53. Kxe2 Kxd7 0-1

[Event "Pere Noel"]
[Site "Montreal CAN"]
[Date "2011.12.26"]
[Round "1"]
[White "Luksza, Arkadiusz"]
[Black "Manailoiu, Dragos"]
[Result "0-1"]
[WhiteElo "2158"]
[BlackElo "1834"]
[PlyCount "232"]
[GameId "2160767909573223"]
[EventDate "2011.12.26"]
[EventType "swiss"]
[EventRounds "5"]
[EventCountry "CAN"]
[SourceTitle "EXT 2022"]
[Source "ChessBase"]
[SourceDate "2021.10.06"]
[SourceVersion "1"]
[SourceVersionDate "2021.10.06"]
[SourceQuality "1"]

1. d4 Nf6 2. Bg5 e6 3. e4 h6 4. Bxf6 Qxf6 5. Nf3 d5 6. e5 Qd8 7. Bd3 c5 8. c3 Nc6 9. O-O Qb6 10. Qd2 Bd7 11. Be2 Be7 12. Na3 f5 13. exf6 Bxf6 14. dxc5 Qxc5 15. Nc2 O-O 16. Rad1 Be8 17. Ne3 Bh5 18. Ne5 Bxe2 19. Nd7 Qd6 20. Nxf6+ Rxf6 21. Qxe2 Raf8 22. Ng4 Rf4 23. f3 h5 24. Nf2 h4 25. Nd3 R4f6 26. f4 Ne7 27. Qe5 Qa6 28. a3 Ng6 29. Qe3 Qc4 30. g3 hxg3 31. hxg3 b6 32. Qd4 Qc7 33. Rde1 Ne7 34. Ne5 Nf5 35. Qd3 Nd6 36. Ng4 Qc5+ 37. Kg2 Rf5 38. Rxe6 Ne4 39. Re5 Rxe5 40. Nxe5 Re8 41. c4 Nf6 42. Rd1 Rd8 43. Qg6 Qe7 44. cxd5 Nxd5 45. Kf3 Rd6 46. Qc2 Qe8 47. Qc4 Qh5+ 48. Ng4 Rd8 49. Rd2 Qh1+ 50. Rg2 Qd1+ 51. Kf2 Qxg4 52. Rg1 Qe6 53. Re1 Qf6 54. Re5 Qd6 55. g4 Qc5+ 56. Qxc5 bxc5 57. Kf3 Kf7 58. g5 c4 59. Ke4 Nb6 60. Rc5 g6 61. Rc6 Rc8 62. Rf6+ Kg7 63. Re6 Rc7 64. Kd4 Na4 65. Re2 Kf7 66. Rc2 Nb6 67. Re2 Re7 68. Rh2 Ke6 69. Re2+ Kd6 70. Rf2 Re1 71. f5 gxf5 72. Rxf5 Rg1 73. Ra5 Rg4+ 74. Kc3 Nd5+ 75. Kd2 Rg2+ 76. Kc1 Rxg5 77. Rxa7 Ke5 78. Ra4 Rg1+ 79. Kd2 Rg2+ 80. Kc1 Ne3 81. Ra8 Kd4 82. Rd8+ Kc5 83. Rc8+ Kb5 84. Rb8+ Kc5 85. Rc8+ Kd4 86. Rd8+ Nd5 87. Kb1 Rg6 88. Kc1 Rb6 89. Kc2 Rh6 90. Kc1 Rh1+ 91. Kc2 Rh2+ 92. Kc1 Ke4 93. Kb1 Rd2 94. Kc1 Rd4 95. Re8+ Kd3 96. Rd8 Ke2 97. Re8+ Ne3 98. Kb1 Rd1+ 99. Ka2 Kd2 100. Rd8+ Kc2 101. Rxd1 Nxd1 102. a4 Nxb2 103. a5 Na4 104. Ka3 Nc5 105. Kb4 Kd3 106. Kxc5 c3 107. a6 c2 108. Kb6 c1=Q 109. Kb7 Qb2+ 110. Ka8 Qh8+ 111. Kb7 Qg7+ 112. Kb8 Qf8+ 113. Kb7 Qe7+ 114. Kb8 Qd8+ 115. Kb7 Qd5+ 116. Ka7 Qb5 0-1

[Event "Pere Noel"]
[Site "Montreal CAN"]
[Date "2011.12.26"]
[Round "1"]
[White "Malette, Martin"]
[Black "Humphreys, Michael"]
[Result "1/2-1/2"]
[WhiteElo "1931"]
[BlackElo "2234"]
[PlyCount "177"]
[GameId "2160767909573224"]
[EventDate "2011.12.26"]
[EventType "swiss"]
[EventRounds "5"]
[EventCountry "CAN"]
[SourceTitle "EXT 2022"]
[Source "ChessBase"]
[SourceDate "2021.10.06"]
[SourceVersion "1"]
[SourceVersionDate "2021.10.06"]
[SourceQuality "1"]

1. e4 c6 2. d4 d5 3. Nc3 dxe4 4. Nxe4 Bf5 5. Ng3 Bg6 6. h4 h6 7. h5 Bh7 8. Bd3 Bxd3 9. Qxd3 e6 10. Bf4 Qa5+ 11. Bd2 Bb4 12. c3 Be7 13. Nf3 Nd7 14. O-O Ngf6 15. c4 Qc7 16. Qe2 O-O 17. Ne5 c5 18. Nxd7 Qxd7 19. dxc5 Bxc5 20. Bc3 Be7 21. Rfe1 Qc6 22. Rad1 Rfd8 23. b3 Rac8 24. Nf5 exf5 25. Qxe7 Re8 26. Qa3 Nxh5 27. Be5 f6 28. Bd6 f4 29. Rxe8+ Rxe8 30. Qxa7 b6 31. Qc7 Qe4 32. Qxb6 Qc2 33. Qd4 Re2 34. Qd5+ Kh8 35. Rf1 Qg6 36. b4 Rxa2 37. Re1 Ra3 38. Kf1 f3 39. gxf3 Rd3 40. Qe6 Kh7 41. c5 Rd4 42. b5 Qd3+ 43. Qe2 Qf5 44. Qe3 Rb4 45. b6 Qh3+ 46. Ke2 Qc8 47. Rb1 Qa6+ 48. Qd3+ Qxd3+ 49. Kxd3 Rxb1 50. Bc7 Kg6 51. c6 Kf7 52. b7 Ke8 53. b8=Q+ Rxb8 54. Bxb8 Kd8 55. Ke4 g6 56. Kd5 Ng7 57. Bd6 h5 58. Bf8 Nf5 59. f4 h4 60. Ke4 Kc7 61. Ba3 Kxc6 62. Bb2 h3 63. Kf3 g5 64. fxg5 fxg5 65. Be5 Kd5 66. Bh2 Nh6 67. Kg3 Ke4 68. Kxh3 Kf3 69. Bb8 Ng4 70. Bc7 Nxf2+ 71. Kh2 Nd3 72. Bd8 g4 73. Bc7 Nc1 74. Bd6 Ne2 75. Bc7 Nd4 76. Be5 Nf5 77. Bc7 Kf2 78. Bg3+ Ke2 79. Kg2 Ne3+ 80. Kg1 Kf3 81. Bc7 Nd5 82. Bb8 Nf6 83. Bc7 Ne4 84. Bb8 Ng3 85. Bc7 Ne2+ 86. Kh2 Nf4 87. Bxf4 Kxf4 88. Kg2 g3 89. Kg1 1/2-1/2

[Event "Pere Noel"]
[Site "Montreal CAN"]
[Date "2011.12.26"]
[Round "1"]
[White "Masse, Hugues"]
[Black "Yun, Chang"]
[Result "1-0"]
[WhiteElo "2264"]
[BlackElo "1935"]
[PlyCount "81"]
[GameId "2160767909573225"]
[EventDate "2011.12.26"]
[EventType "swiss"]
[EventRounds "5"]
[EventCountry "CAN"]
[SourceTitle "EXT 2022"]
[Source "ChessBase"]
[SourceDate "2021.10.06"]
[SourceVersion "1"]
[SourceVersionDate "2021.10.06"]
[SourceQuality "1"]

1. d4 d5 2. c4 e6 3. Nc3 Be7 4. Nf3 Nf6 5. Bf4 O-O 6. e3 Nbd7 7. a3 a6 8. Qc2 dxc4 9. Bxc4 b5 10. Ba2 Bb7 11. b4 Nh5 12. Bg3 Re8 13. O-O Nxg3 14. hxg3 Bd6 15. Ne4 h6 16. Rfd1 Nf6 17. Nc5 Bxf3 18. gxf3 Bxc5 19. Qxc5 Qd6 20. Qc3 c6 21. Bb3 Nd5 22. Qd2 h5 23. Kg2 g6 24. f4 Kg7 25. Rdc1 h4 26. gxh4 Rh8 27. Rh1 Rh7 28. Rh3 Rah8 29. Rah1 Qe7 30. Kg3 Nf6 31. f3 Kg8 32. Qc2 Nh5+ 33. Kg2 Qd7 34. Rc1 Nxf4+ 35. exf4 Qxd4 36. Rd1 Qf6 37. Qd2 Kg7 38. Qd4 Rxh4 39. Qxf6+ Kxf6 40. Rxh4 Rxh4 41. Kg3 1-0

[Event "Pere Noel"]
[Site "Montreal CAN"]
[Date "2011.12.26"]
[Round "1"]
[White "Monczak, Mariusz"]
[Black "Larochelle, Martial"]
[Result "0-1"]
[WhiteElo "1894"]
[BlackElo "2220"]
[PlyCount "58"]
[GameId "2160767909573226"]
[EventDate "2011.12.26"]
[EventType "swiss"]
[EventRounds "5"]
[EventCountry "CAN"]
[SourceTitle "EXT 2022"]
[Source "ChessBase"]
[SourceDate "2021.10.06"]
[SourceVersion "1"]
[SourceVersionDate "2021.10.06"]
[SourceQuality "1"]

1. e4 c5 2. Nf3 d6 3. g3 g6 4. Bg2 Bg7 5. O-O Nc6 6. d3 e5 7. c3 Nge7 8. Be3 O-O 9. Nbd2 h6 10. Nb3 a5 11. Qd2 a4 12. Nc1 Kh7 13. Ne2 Bg4 14. h3 Bxf3 15. Bxf3 Qa5 16. g4 Rfd8 17. Ng3 d5 18. Qc2 d4 19. Bd2 dxc3 20. bxc3 b5 21. g5 h5 22. Nxh5 gxh5 23. Bxh5 Ng6 24. a3 Qc7 25. Bxg6+ fxg6 26. f4 exf4 27. Rxf4 Rf8 28. Rg4 Ne5 29. Rg2 Rf3 0-1

[Event "Pere Noel"]
[Site "Montreal CAN"]
[Date "2011.12.26"]
[Round "1"]
[White "Sprumont, Oscar"]
[Black "Zhang, Zhiyuan"]
[Result "0-1"]
[WhiteElo "1796"]
[BlackElo "2066"]
[PlyCount "116"]
[GameId "2160767909573228"]
[EventDate "2011.12.26"]
[EventType "swiss"]
[EventRounds "5"]
[EventCountry "CAN"]
[SourceTitle "EXT 2022"]
[Source "ChessBase"]
[SourceDate "2021.10.06"]
[SourceVersion "1"]
[SourceVersionDate "2021.10.06"]
[SourceQuality "1"]

1. e4 c6 2. d4 d5 3. Nd2 dxe4 4. Nxe4 Bf5 5. Ng3 Bg6 6. h4 h6 7. Nf3 Nd7 8. h5 Bh7 9. Bd3 Bxd3 10. Qxd3 e6 11. Bf4 Ngf6 12. O-O-O Be7 13. Ne4 Nxe4 14. Qxe4 Nf6 15. Qd3 Nd5 16. Be5 Bf6 17. c4 Nb6 18. g4 Bxe5 19. Nxe5 Qe7 20. Qf3 O-O 21. Qe3 Rac8 22. g5 Qxg5 23. Qxg5 hxg5 24. c5 Nd5 25. Nc4 Kh7 26. Nd6 Rc7 27. Ne4 f6 28. Rd3 Re8 29. Nd6 Ree7 30. Re1 Nf4 31. Ra3 a6 32. Rh1 Ne2+ 33. Kd2 Nxd4 34. Rd3 Nf5 35. Kc3 Red7 36. Re1 Ne7 37. Kc4 e5 38. Rb3 Nd5 39. Ne8 Rc8 40. Nd6 b5+ 41. Kd3 Ra8 42. Ke4 Nc7 43. Kf5 a5 44. Rc1 a4 45. Rh3 Nd5 46. Rd3 Nf4 47. Re3 Nxh5 48. Rh3 g6+ 49. Ke6 Raa7 50. Rxh5+ gxh5 51. Kxf6 Rg7 52. Rh1 h4 53. Nf5 Rg6+ 54. Kxe5 Rd7 55. Nd4 Rd5+ 56. Ke4 Rxc5 57. Kd3 Rd6 58. Ke4 Rc4 0-1

[Event "Pere Noel"]
[Site "Montreal CAN"]
[Date "2011.12.26"]
[Round "1"]
[White "Voskanyan, Vahagn"]
[Black "Luo, Zhao Yang"]
[Result "1-0"]
[WhiteElo "2231"]
[BlackElo "1929"]
[PlyCount "71"]
[GameId "2160767909573229"]
[EventDate "2011.12.26"]
[EventType "swiss"]
[EventRounds "5"]
[EventCountry "CAN"]
[SourceTitle "EXT 2022"]
[Source "ChessBase"]
[SourceDate "2021.10.06"]
[SourceVersion "1"]
[SourceVersionDate "2021.10.06"]
[SourceQuality "1"]

1. Nf3 Nf6 2. c4 g6 3. d4 Bg7 4. g3 O-O 5. Bg2 d6 6. Nc3 c6 7. O-O Qa5 8. h3 Qb4 9. Qd3 Nbd7 10. a3 Qb6 11. Be3 Qa6 12. Rfd1 Nb6 13. b3 Bf5 14. Qd2 d5 15. c5 Nbd7 16. Bh6 Ne4 17. Nxe4 Bxh6 18. Qxh6 Bxe4 19. Ng5 Nf6 20. Bf1 Qa5 21. b4 Qa4 22. Nf3 a5 23. Qd2 Qb3 24. Ne5 axb4 25. Qxb4 Bc2 26. Qxb3 Bxb3 27. Rdb1 Ba4 28. Rxb7 e6 29. f3 Bb5 30. e3 Rab8 31. Rxb8 Rxb8 32. Rb1 Rb7 33. a4 Ba6 34. Rb6 Rxb6 35. cxb6 Bb7 36. a5 1-0

[Event "Pere Noel"]
[Site "Montreal CAN"]
[Date "2011.12.26"]
[Round "1"]
[White "Wu, Qiyou"]
[Black "Perna-Fraser, David"]
[Result "1-0"]
[WhiteElo "2005"]
[BlackElo "1623"]
[PlyCount "83"]
[GameId "2160767909573230"]
[EventDate "2011.12.26"]
[EventType "swiss"]
[EventRounds "5"]
[EventCountry "CAN"]
[SourceTitle "EXT 2022"]
[Source "ChessBase"]
[SourceDate "2021.10.06"]
[SourceVersion "1"]
[SourceVersionDate "2021.10.06"]
[SourceQuality "1"]

1. e4 e6 2. d4 d5 3. e5 c5 4. c3 Nc6 5. Nf3 Qb6 6. a3 cxd4 7. cxd4 Nge7 8. b4 Nf5 9. Be3 Bd7 10. Bd3 Nxe3 11. fxe3 Rc8 12. Nbd2 Be7 13. O-O O-O 14. Qe2 a6 15. Rf2 Na7 16. Nb3 Nb5 17. Nc5 Be8 18. Kh1 f6 19. exf6 Bxf6 20. Qd2 Rf7 21. a4 Nd6 22. a5 Qc6 23. Qc2 Nf5 24. Bxf5 exf5 25. Rc1 Bd7 26. Nxd7 Rxd7 27. Qxc6 Rxc6 28. Rxc6 bxc6 29. Rc2 Rd6 30. Kg1 Re6 31. Kf2 g5 32. g3 g4 33. Ne1 Bg5 34. Re2 Re8 35. Nd3 Rb8 36. Rc2 Be7 37. Rxc6 Bxb4 38. Rxa6 Rb5 39. Rb6 Rxb6 40. axb6 Bd6 41. Nc5 Kf7 42. b7 1-0

[Event "Pere Noel"]
[Site "Montreal CAN"]
[Date "2011.12.26"]
[Round "1"]
[White "Yu, Zong Yang"]
[Black "Robichaud, Louis"]
[Result "1-0"]
[WhiteElo "1814"]
[BlackElo "2098"]
[PlyCount "231"]
[GameId "2160767909573231"]
[EventDate "2011.12.26"]
[EventType "swiss"]
[EventRounds "5"]
[EventCountry "CAN"]
[SourceTitle "EXT 2022"]
[Source "ChessBase"]
[SourceDate "2021.10.06"]
[SourceVersion "1"]
[SourceVersionDate "2021.10.06"]
[SourceQuality "1"]

1. d4 Nf6 2. c4 g6 3. Nc3 Bg7 4. e4 d6 5. f4 O-O 6. Nf3 c5 7. d5 e6 8. Be2 exd5 9. cxd5 Bg4 10. O-O Re8 11. h3 Bxf3 12. Bxf3 Nbd7 13. Re1 Qa5 14. g4 h6 15. Kg2 b5 16. a3 Rad8 17. Be3 a6 18. Qc2 Rc8 19. h4 Nb6 20. g5 hxg5 21. hxg5 Nfd7 22. Bg4 Rcd8 23. Bf2 Nc4 24. Rac1 Nxb2 25. Qxb2 b4 26. axb4 cxb4 27. Qa2 Qxa2 28. Nxa2 a5 29. Rb1 Nc5 30. Bxc5 dxc5 31. Bf3 Bd4 32. e5 Rb8 33. d6 b3 34. Nc1 b2 35. Na2 Rb3 36. Bd5 Rd3 37. Bc4 Rd2+ 38. Re2 Rxe2+ 39. Bxe2 Rb8 40. Bc4 Kf8 41. Kf3 Rb6 42. Ke4 Ke8 43. Kd3 a4 44. Kc2 Be3 45. Rxb2 Rxb2+ 46. Kxb2 Bxf4 47. Bb5+ Kd8 48. d7 Bxe5+ 49. Ka3 Bf4 50. Bxa4 Bxg5 51. Kb3 Kc7 52. Kc4 Kd6 53. Nc3 f5 54. Ne2 Bd8 55. Ng3 Be7 56. Bb5 Bd8 57. Kd3 Ke5 58. Nf1 g5 59. Ne3 g4 60. Nc4+ Kd5 61. Ke3 Bg5+ 62. Kf2 f4 63. Na3 Bh4+ 64. Kg1 Kd4 65. Nc4 f3 66. Nd6 Kd5 67. Nf5 Bd8 68. Ne3+ Kd4 69. Nxg4 c4 70. Kf2 c3 71. Ba4 Kd3 72. Ne5+ Kd2 73. Nxf3+ Kd3 74. Ne1+ Kd4 75. Ke2 Kc4 76. Nc2 Bf6 77. Ke3 Kc5 78. Kd3 Kd6 79. Nd4 Kc5 80. Ne2 Kb4 81. Nxc3 Bd8 82. Bd1 Kc5 83. Bg4 Kd6 84. Kc4 Kc6 85. Ne4 Bb6 86. Be6 Bd8 87. Kd4 Be7 88. Ke5 Kc7 89. Bf5 Kc6 90. Ke6 Bd8 91. Kf7 Kd5 92. Ke8 Bh4 93. Bg6 Kc6 94. Bf7 Kc7 95. Nc5 Kd6 96. Ne6 Bf6 97. Nf8 Bh4 98. Ne6 Bf6 99. Ng7 Ke5 100. Bg6 Kd6 101. Bf7 Ke5 102. Bg8 Bg5 103. Bb3 Bh4 104. Ba4 Bg5 105. Kf7 Kd6 106. Ne8+ Ke5 107. Bb3 Bd8 108. Ba2 Bg5 109. Ng7 Kd6 110. Ke8 Ke5 111. Ne6 Bh4 112. Bb3 Kd6 113. Nd8 Kc7 114. Nf7 Bf6 115. Nh6 Bg5 116. Nf5 1-0

[Event "Pere Noel"]
[Site "Montreal CAN"]
[Date "2011.12.26"]
[Round "1"]
[White "Zhu, Hong Rui"]
[Black "Pregent, Daniel"]
[Result "1-0"]
[WhiteElo "2114"]
[BlackElo "1830"]
[PlyCount "87"]
[GameId "2160767909573232"]
[EventDate "2011.12.26"]
[EventType "swiss"]
[EventRounds "5"]
[EventCountry "CAN"]
[SourceTitle "EXT 2022"]
[Source "ChessBase"]
[SourceDate "2021.10.06"]
[SourceVersion "1"]
[SourceVersionDate "2021.10.06"]
[SourceQuality "1"]

1. e4 c5 2. Nf3 d6 3. c3 a6 4. d4 Nd7 5. Bd3 Ngf6 6. O-O e5 7. Re1 Be7 8. Nbd2 O-O 9. Nf1 b5 10. Ng3 b4 11. Bd2 Qc7 12. Rc1 Qb6 13. Be3 cxd4 14. cxd4 Ng4 15. Nf5 Bd8 16. dxe5 Nxe3 17. Nxe3 dxe5 18. Nc4 Qf6 19. Bf1 Be7 20. Qd5 Rb8 21. Ncxe5 Nb6 22. Qd4 Rd8 23. Qe3 Bb7 24. b3 a5 25. Bb5 Ba8 26. Bc6 Bd6 27. Bxa8 Bxe5 28. Nxe5 Qxe5 29. Bc6 Nc8 30. Rc5 Qb2 31. Rxa5 Rd2 32. Rd5 Rxd5 33. Bxd5 Qxa2 34. Qf4 Qa7 35. Bxf7+ Kh8 36. e5 Ne7 37. Bc4 Ng6 38. Qd2 Rf8 39. e6 Qc5 40. Qe3 Qe7 41. g3 Rf6 42. Ra1 Rf8 43. Ra7 Qd6 44. e7 1-0

[Event "Pere Noel"]
[Site "Montreal CAN"]
[Date "2011.12.27"]
[Round "2"]
[White "Chang, Michael"]
[Black "Lopez Linares, Lizandro"]
[Result "0-1"]
[WhiteElo "1859"]
[BlackElo "2084"]
[PlyCount "68"]
[GameId "2160767909573234"]
[EventDate "2011.12.26"]
[EventType "swiss"]
[EventRounds "5"]
[EventCountry "CAN"]
[SourceTitle "EXT 2022"]
[Source "ChessBase"]
[SourceDate "2021.10.06"]
[SourceVersion "1"]
[SourceVersionDate "2021.10.06"]
[SourceQuality "1"]

1. c4 Nf6 2. Nc3 g6 3. g3 Bg7 4. Bg2 O-O 5. d3 d6 6. Nf3 c5 7. O-O Nc6 8. Rb1 h6 9. a3 a5 10. Re1 d5 11. cxd5 Nxd5 12. Nxd5 Qxd5 13. Nd2 Qd6 14. Nc4 Qc7 15. Be3 Nd4 16. Bxd4 cxd4 17. Qd2 Be6 18. Rec1 b5 19. Bxa8 bxc4 20. Bg2 c3 21. bxc3 dxc3 22. Qc2 Rc8 23. h3 Qc5 24. Qa4 c2 25. Rb5 Qc3 26. Bb7 Rc7 27. Bf3 Bd4 28. Rb8+ Kh7 29. Qe8 f5 30. Qd8 Bf6 31. Rb6 Rc8 32. Rc6 Rxc6 33. Bxc6 Qxc6 34. Qb8 Qc3 0-1

[Event "Pere Noel"]
[Site "Montreal CAN"]
[Date "2011.12.27"]
[Round "2"]
[White "Clyde, Jordan"]
[Black "Jiang, Louie"]
[Result "1/2-1/2"]
[WhiteElo "2026"]
[BlackElo "2360"]
[PlyCount "166"]
[GameId "2160767909573235"]
[EventDate "2011.12.26"]
[EventType "swiss"]
[EventRounds "5"]
[EventCountry "CAN"]
[SourceTitle "EXT 2022"]
[Source "ChessBase"]
[SourceDate "2021.10.06"]
[SourceVersion "1"]
[SourceVersionDate "2021.10.06"]
[SourceQuality "1"]

1. Nf3 Nf6 2. g3 d5 3. Bg2 c5 4. c3 Nc6 5. O-O Bf5 6. d4 e6 7. h3 h6 8. Be3 cxd4 9. Nxd4 Nxd4 10. Bxd4 a6 11. Nd2 Be7 12. e4 dxe4 13. Bxf6 Bxf6 14. Nxe4 Be7 15. Qb3 Qc7 16. Rfd1 O-O 17. Rd4 Rac8 18. Rad1 e5 19. R4d2 b5 20. Nd6 Be6 21. Qc2 Rcd8 22. Nf5 Bc5 23. Qe4 Rxd2 24. Rxd2 Qc8 25. Nd6 Bxd6 26. Rxd6 Bxa2 27. Rc6 Qe8 28. Rxa6 Bc4 29. Rd6 Qe7 30. Rb6 Rd8 31. b3 Bd3 32. Qe3 e4 33. c4 bxc4 34. bxc4 Rc8 35. Rb3 Qe6 36. Qd4 Rxc4 37. Qd8+ Kh7 38. Rb8 Be2 39. Qd2 Bd3 40. h4 Qf5 41. Qf4 Qxf4 42. gxf4 Kg6 43. Rb7 Rc5 44. Kh2 h5 45. Bh3 f5 46. Rb6+ Kh7 47. Re6 g6 48. Bg2 Kg7 49. Kg3 Kf7 50. Re5 Rc3 51. Kh2 Rb3 52. f3 Rb4 53. Kg3 Kf6 54. fxe4 fxe4 55. Bh1 Bb1 56. Kf2 Rb2+ 57. Ke3 Rh2 58. Bxe4 Bxe4 59. Kxe4 Rxh4 60. Kf3 Rh3+ 61. Kg2 Ra3 62. Rg5 Ra8 63. Kg3 Rf8 64. Ra5 Kg7 65. Rb5 Kh6 66. Ra5 Rc8 67. Ra3 Rc1 68. Ra8 Rc3+ 69. Kg2 Rd3 70. Rb8 Kg7 71. Rb5 Kf6 72. Ra5 Rd2+ 73. Kg3 Rd1 74. Kg2 Rd3 75. Rb5 h4 76. Rg5 h3+ 77. Kh2 Rf3 78. Rg4 Ra3 79. Rg1 Kf5 80. Rg5+ Kf6 81. Rg1 Rb3 82. Rg5 Rb4 83. Rg4 Rb3 1/2-1/2